000 00679nam a2200205Ia 4500
003 GCL
008 140319s9999 xx 000 0 ara d
020 _a2336359960
040 _aGCL /
_cGCL
082 0 4 _a810.80362
_bع خ
100 1 _aعبدالعزيز بن سعدالسناح
245 1 0 _aالخيل والابل عند قبيلة مطير /
_cعبدالعزيز بن سعدالسناح
250 _aالاولى
260 _aالرياض :
_bمطابع الفرزدق التجارية
300 _a188 ص ؛
_c24 سم
650 0 4 _aالخيل العربية
650 0 4 _aالخيل
650 0 4 _aالادب العربى - تاريخ ونقد
942 _2ddc
_cBK
999 _c1008
_d1008